000 00307nam a2200133Ia 4500
008 150301s2015 xx 000 0 und d
082 _a629.895
_bP07N
100 _aNIIT
245 _aPRESENTING & MANGING- POWER POINT 2007
260 _bNIIT
300 _a352
650 _aPHARMACEUTICS
942 _2ddc
_cBK
999 _c7384
_d7384